Couples célèbres du cinéma français en images #2 - Statistiques

Statistiques générales
  • Ce quiz a été pris 648 fois
  • Le résultat moyen est 10 sur 18
Statistiques - réponses
Réponses % Correct
Dany Boon
96%
Sophie Marceau
87%
Charlotte Gainsbourg
85%
Brigitte Bardot
78%
Daniel Auteuil
64%
Roman Polanski
58%
Vincent Lindon
56%
Yvan Attal
52%
Christophe Lambert
50%
Emmanuelle Béart
49%
Marina Foïs
49%
Sandrine Kiberlain
45%
Miou-Miou
41%
Patrick Dewaere
40%
Emmanuelle Seigner
35%
Judith Godrèche
34%
Roger Vadim
21%
Maurice Barthélémy
20%
Aucun quiz correspondant
Distribution des résultats
% des personnes avec chaque résultat
Percentile par nombre de réponses
Votre historique - résultats
Vous n’avez pas pris ce quiz